Fundamentos de sistemas digitales
Zapisane w:
| 1. autor: | |
|---|---|
| Format: | Książka |
| Język: | Spanish |
| Wydane: |
Madrid : Pearson/Prentice Hall
2006
|
| Wydanie: | 9 |
| Hasła przedmiotowe: | |
| Etykiety: |
Dodaj etykietę
Nie ma etykietki, Dołącz pierwszą etykiete!
|
MARC
| LEADER | 00000nam a2200000Ia 4500 | ||
|---|---|---|---|
| 003 | 000376 | ||
| 005 | 20221231144023.0 | ||
| 008 | 140114s2206 sp a 000 ||spa d | ||
| 040 | |c cru CEDI | ||
| 082 | |a 621.395 F645f9 | ||
| 100 | |a Floyd, Thomas L |9 19080 | ||
| 245 | |a Fundamentos de sistemas digitales | ||
| 250 | |a 9 | ||
| 260 | |a Madrid : Pearson/Prentice Hall |c 2006 | ||
| 300 | |a xvi, 1005 páginas : ilustraciones. | ||
| 500 | |a Traducción de: Digitals fundamentals, 9. ed. | ||
| 501 | |a Traducción Vuelapluma | ||
| 650 | |x ELECTRONICA DIGITAL |x CIRCUITOS LOGICOS |9 13741 | ||
| 942 | |2 ddc |c BK | ||
| 999 | |c 15707 |d 15707 | ||
